000 00746nam a2200229Ii 4500
003 JO-AjNU
008 230605s9999||||xx |||||||||||||| ||und||
017 _a19400
020 _a977-978-161-7
040 _aJO-AjNU
_bara
_erda
_cJO-AjNU
041 _aara
050 1 4 _aHF1411.A2335.2011
100 3 _aعبدالرزاق،محمود,
_eauthor
_932667
245 0 0 _aالاقتصاد الدولي والتجارة الخارجية(النظرية والتطبيق)
250 _aط1
264 3 1 _aالاسكندرية:الدار الجامعية؛2011
300 _a419ص
336 _atext
_btxt
_2rdacontent
337 _aunmediated
_bn
_2rdamedia
338 _avolume
_bnc
_2rdacarrier
650 4 _aالتجارة الخارجية
_932668
999 _aA13215
_c16783
_d16783